=LDR 00000nam 2200000 4500 =001 INLIS000000000024035 =005 20130612122640 =008 ***********************************Ind** =035 ##$$0010-061300000024035 =041 ##$$a Ind =082 ##$$a 387.164 =090 ##$$a 387.164, Sud o =100 ##$$a Sudarsono =245 ##$$a Operasi peti kemas dan pertanggunagannya, Sudarsono =260 ##$$a 1994 $b Jakarta =300 ##$$a 393 hlm, 21 cm =650 ##$$a Peti kemas =850 ##$$a NBPNMAT